| 000 | 00439nam a2200181Ia 4500 | ||
|---|---|---|---|
| 001 | 22374 | ||
| 005 | 20260414150827.0 | ||
| 008 | 260414t2010||||xx |||||||||||||| ||spa|| | ||
| 041 | _aESP | ||
| 082 |
_a621.38 _bC247J |
||
| 100 |
_aDonohue, Denise _eAUT |
||
| 245 | 0 |
_aCCNP ROUTE 642-902 : _bquick reference |
|
| 260 | _c2010 | ||
| 300 |
_axiii, 128 páginas : _c23 cm. |
||
| 650 | _aTCA | ||
| 654 | _aCET | ||
| 942 |
_cLIB _dJUS _fJUS _2ddc _n |
||
| 999 |
_c22374 _d22374 |
||